000 00646nam a2200241Ia 4500
003 OSt
005 20220928125556.0
006 a|||||r|||| 00| 0
007 ta
008 220927b |||||||| |||| 00| 0 eng d
024 _a69753
037 _cTextual
040 _aSDCL
_cSDCL
_beng
041 _2eng
_aeng
082 _aY:1.461'P, P4
100 _aKhuri Fuad I
_9470381
245 0 _aBeing a Druze.
260 _aLondon
_bDruze Heritage Foundation
_c2004
300 _axviii,295p,Bibp279-88
_ccm.
650 _aCulture- Arabia
_9440392
942 _hY:1.461'P, P4
_cTEXL
_2CC
999 _c783104
_d783104